000 00800nam a2200229Ia 4500
008 220204s9999 xx 000 0 und d
082 _a633(06)1998
_bPLA
100 _aMuraleedharan, N
245 0 _aRecent advances in plantation crops research (Papers presented at 13th plantation crops symposium, Coimbatore, Tamil Nadu, December 16-18, 1998) (PLACROSYM XIII)
260 _aNew Delhi
_bAllied Publishers
_c2000
650 _aDisease management
650 _aHevea bench grafting
650 _aHevea drain resources
650 _aHevea exploitation5Temperature stress
650 _aPest management
650 _aRubber fertilizer application
650 _aRubber wood processing
650 _aSmoked sheet effluent
650 _aTPD syndrome
700 _aRaj Kumar, R
942 _cBK
999 _c43912
_d43912